| 000 | 01245nam a2200313 a 4500 | ||
|---|---|---|---|
| 001 | ebr10529363 | ||
| 003 | CaPaEBR | ||
| 006 | m u | ||
| 007 | cr cn||||||||| | ||
| 008 | 120229s2012 nju sb 001 0 eng d | ||
| 020 | _z9814374725 | ||
| 020 | _z9789814374729 | ||
| 020 | _z9789814374736 (e-book) | ||
| 040 |
_aCaPaEBR _cCaPaEBR |
||
| 035 | _a(OCoLC)785777962 | ||
| 050 | 1 | 4 |
_aTA418.9.N35 _bK43 2012eb |
| 100 | 1 | _aKhataee, Alireza. | |
| 245 | 1 | 0 |
_aNanostructured titanium dioxide materials _h[electronic resource] : _bproperties, preparation and applications / _cAlireza Khataee, G. Ali Mansoori. |
| 260 |
_aHackensack, N.J. : _bWorld Scientific, _c2012. |
||
| 300 | _aviii, 196 p. | ||
| 504 | _aIncludes bibliographical references and index. | ||
| 533 |
_aElectronic reproduction. _bPalo Alto, Calif. : _cebrary, _d2011. _nAvailable via World Wide Web. _nAccess may be limited to ebrary affiliated libraries. |
||
| 650 | 0 | _aNanostructured materials. | |
| 650 | 0 | _aTitanium dioxide. | |
| 655 | 7 |
_aElectronic books. _2local |
|
| 700 | 1 | _aMansoori, G. Ali. | |
| 710 | 2 | _aebrary, Inc. | |
| 856 | 4 | 0 |
_uhttp://site.ebrary.com/lib/rucke/Doc?id=10529363 _zAn electronic book accessible through the World Wide Web; click to view |
| 999 |
_c146365 _d146365 |
||